000 00458nam a2200181Ia 4500
005 20250508150626.0
008 008 250505s9999 xx 000 0 eng d
037 _aTextual
040 _aFEDL
_beng
_cFEDL
041 _aeng
_2eng
084 _a370.1, LOC
_qFEDL
100 _aLocke
245 0 _aSome thoughts education
300 _a239p.
650 _aEducation - Philosophy
942 _cTEXL
_h370.1, LOC
999 _c1324651
_d1324651